Normal view
MARC view
- النقل-البلاد العربية-التجارة -البلاد العربية-النقل-جوانب اقتصادية
Entry Topical Term
001 - CONTROL NUMBER
- control field: 32860
003 - CONTROL NUMBER IDENTIFIER
- control field: JO-AjAnu
005 - DATE AND TIME OF LATEST TRANSACTION
- control field: 20230606075522.0
008 - FIXED-LENGTH DATA ELEMENTS
- fixed length control field: 230606|| aca||aabn | a|a d
040 ## - CATALOGING SOURCE
- Original cataloging agency: JO-AjAnu
- Transcribing agency: JO-AjAnu
150 ## - HEADING--TOPICAL TERM
- Topical term or geographic name entry element: النقل-البلاد العربية-التجارة -البلاد العربية-النقل-جوانب اقتصادية
670 ## - SOURCE DATA FOUND
- Source citation: Work cat.: (JO-AjAnu)16881: اعداد:محمد محمود يوسف, author 32859, الادارة الاستراتيجية لتكاليف النقل ودورها في تنمية حركة التجارة العربية البينية